000 01388nam a22003970a 4500
001 PT17187
003 AR-LpoUNG
005 20210131232734.0
008 191001s2003||||ag |||||||||||||||||spa d
020 _a9509130494
_c$22.33
040 _aAR-LpoUNG
_bspa
_cAR-LpoUNG
_eaacr
041 _aspa
044 _aag
082 0 _a382.6 51deb
100 1 _aSciscenko, Francisco
245 1 0 _aQué debe hacer una PyME que quiera iniciarse con éxito en el campo exportador :
_bPrepararse para exportar, ¿puedo exportar?
250 _a1º edición
260 _aBuenos Aires :
_bGuía Práctica - Fundación Bank Boston,
_cjunio de 2003.
300 _a313 p. :
_bgráfs.
520 _aGuía práctica y didáctica sobre cómo encarar el esfuerzo de internacionalización de las PyMES de la Argentina. Los autores basan sus análisis en casos concretos extraídos de la realidad empresaria del país.
650 4 _aCOMERCIALIZACION
650 4 _aCOMERCIO
650 4 _aCOMERCIO ENTRE INDUSTRIAS
650 4 _aEXPORTACIONES
650 4 _aGLOBALIZACION
650 4 _aINDUSTRIA
650 4 _aINDUSTRIAS DE EXPORTACION
650 4 _aPEQUEÑA INDUSTRIA
650 4 _aPOLITICA DE EXPORTACION
650 4 _aPUBLICIDAD
650 4 _aTAMAÑO DE LA EMPRESA
651 4 _aDOCUMENTOS TEORICOS O METODOLOGICOS
700 1 _aOlmedo, Pablo
905 _a17187
942 _cLIB
999 _c17248
_d17248